000 03071cam a2200433 4500500
005 20260405004133.0
041 _afre
042 _adc
100 1 0 _aKandil, Feriel
_eauthor
245 0 0 _aRicœur, lecteur de la Théorie de la Justice de Rawls
260 _c2026.
500 _a75
520 _aL’article examine la critique positive que Ricœur développe à propos de Théorie de la Justice de Rawls. Il en éclaire la spécificité par contraste avec d’autres critiques plus radicales comme celles des communautariens tel Walzer, des philosophes de la reconnaissance tel Honneth, des théoriciens du choix social tel Sen, ou des utilitaristes tel Harsanyi. L’originalité de Ricœur est de considérer l’analyse de Rawls comme l’un des moments d’une approche plus large et dialectique de la justice. L’article montre comment Ricœur contribue ainsi à mettre en exergue les tensions internes qui font la grandeur de Théorie de la Justice. En plus des arguments méthodologique, éthique et épistémologique de Ricœur, l’article ajoute un argument pratique. Celui-ci concerne le paradoxe de la justice distributive, lequel est le reflet des contradictions, au cœur des principes rawlsiens et de leur usage, entre l’universel et l’historique.
520 _aThe article examines the positive critique that Ricœur develops regarding Rawls’ A Theory of Justice. It highlights the specificity of this critique by contrasting with other, more radical criticisms, such as those from communitarians like Walzer, philosophers of recognition like Honneth, social choice theorists like Sen, or utilitarians like Harsanyi. Ricœur’s originality lies in considering Rawls’ analysis as one moment within a broader and dialectical approach to justice. The article demonstrates how Ricœur thus helps to bring out the internal tensions that contribute to the greatness of A Theory of Justice. In addition to Ricœur’s methodological, ethical, and epistemological arguments, the article adds a practical one. This argument concerns the paradox of distributive justice, which reflects the contradictions, at the heart of Rawlsian principles and their application, between the universal and the historical.
690 _adialectique
690 _aéquité
690 _aimpartialité
690 _aJustice distributive
690 _aJustice sociale
690 _amorale
690 _aprincipes de justice
690 _aRawls
690 _aRicœur
690 _asens de la justice
690 _aA12
690 _aA13
690 _aDialectic
690 _aDistributive justice
690 _aEquity
690 _aImpartiality
690 _aMorality
690 _aPrinciples of justice
690 _aRawls
690 _aRicœur
690 _aSense of justice
690 _aSocial justice
786 0 _nRevue de philosophie économique | - | 1 | 2026-02-19 | p. 139-170 | 1376-0971
856 4 1 _uhttps://shs.cairn.info/revue-revue-de-philosophie-economique-2026-1-page-139?lang=fr&redirect-ssocas=7080
999 _c2074087
_d2074087